| 000 | 00677cam a22002411 4500 | ||
|---|---|---|---|
| 001 | sa 68019004 | ||
| 003 | DLC | ||
| 005 | 20260227112716.0 | ||
| 008 | 860410s1956 io ak l 000 0 ind | ||
| 010 | _asa 68019004 | ||
| 035 | _a(OCoLC)13418055 | ||
| 040 |
_aDLC _cCU _dDLC |
||
| 042 | _apremarc | ||
| 043 | _aa-io--- | ||
| 050 | 0 | 0 | _aLAW <Indonesia 4 Elections 1956> |
| 110 | 1 | _aIndonesia. | |
| 240 | 1 | 0 | _aLaws, etc. |
| 245 | 1 | 0 | _aKumpulan peraturan-peraturan untuk pamilihan Konstituante. |
| 260 |
_a[Djakarta, _bKementerian Penerangan R.I., _c1956] |
||
| 300 |
_a542 p. _billus., forms _c24 cm. |
||
| 650 | 0 |
_aElection law _zIndonesia. |
|
| 650 | 0 |
_aLaw _zIndonesia. |
|
| 999 |
_c88768 _d88768 |
||